000 00896nam a2200241 i 4500
001 bg
245 7 0 _aStudia z automatyki i informatyki /
_cPoznańskie Towarzystwo Przyjaciół Nauk ; [aut. Grażyna Brzykacy et al.].
260 _aPoznań :
_bWydaw. PTPN,
_c1996.
300 _a70 s. :
_brys., wykr. ;
_c24 cm.
490 1 _aPrace Komisji Automatyki i Informatyki / Poznańskie Towarzystwo Nauk. Wydział Nauk Technicznych,
_x0867-3977 ;
_vt.21
504 _aBibliogr. po art.
650 9 _aInformatyka
_xzagadnienia
650 9 _aKryptografia
700 1 _aBRZYKACY, Grażyna.
830 0 _aPrace Komisji Automatyki i Informatyki (Poznańskie Towarzystwo Nauk. Wydział Nauk Technicznych) ;
_vt.21
020 _a8370631681
040 _cBPK
041 0 _aplen
_bpl
080 _a681.3.04:003.26
920 _a83-7063-168-1
942 _cKS
008 s pl f |000 0 pol
999 _c31117
_d31117
856 _uhttp://koha.tu.koszalin.pl/cgi-bin/koha/opac-detail.pl?biblionumber=31117
_yKatalog online BPK